000 nam a22 a 4500
999 _c3115
_d3115
005 20170519114656.0
008 170519b1985 S ||||| |||| 00| 0 eng d
020 _a9971841428
040 _aAKMAL
082 _a658.3 PUT
090 _a658.3
_bPUT
245 _aCASES IN HUMAN RESOURCE MANAGEMENT
_cJOSEPH M PUTTI/ TOH THIAN SER
260 _aSINGAPORE
_bSINGAPORE INSTITUTE OF MANAGEMENT
_c1985
300 _a182pg,;
_c20 cm
650 _aMANAGEMENT
_91462
942 _2ddc
_cBOOK